Beyond Graustark : George Barr McCutcheon, playwright discovered /

Bibliographic Details
Main Author: Lazarus, Arnold Leslie
Other Authors: Jones, Victor H.
Format: Book
Language:English
Published: Pt. Washington, N.Y. : Kennikat Press, 1981.
Series:National university publications. Literary criticism series.
Literary criticism series.
Subjects:

MARC

Tag First Indicator Second Indicator Subfields
LEADER 00000cam a22000008a 4500
001 in00000089370
005 20151008063424.0
008 801201s1981 nyuc b 00110bengm
010 |a  80027566  
020 |a 0804692807 :  |c $15.00 
035 |a (OCoLC)07167779 
035 |9 AAK2197AM 
040 |a DLC  |c DLC  |d m.c.  |d TXA  |d UtOrBLW 
049 |a TXAM  |c [1442226] 
050 0 0 |a PS3525.A187  |b Z75 
082 0 |a 812/.52  |a B  |2 19 
100 1 |a Lazarus, Arnold Leslie. 
245 1 0 |a Beyond Graustark :  |b George Barr McCutcheon, playwright discovered /  |c A.L. Lazarus and Victor H. Jones. 
263 |a 8103 
264 1 |a Pt. Washington, N.Y. :  |b Kennikat Press,  |c 1981. 
300 |a xvi, 187 pages :  |b portrait ;  |c 22 cm. 
336 |a text  |b txt  |2 rdacontent 
337 |a unmediated  |b n  |2 rdamedia 
338 |a volume  |b nc  |2 rdacarrier 
490 1 |a National university publications 
490 1 |a Literary criticism series 
500 |a Includes index. 
504 |a Bibliography: pages 178-180. 
600 1 0 |a McCutcheon, George Barr,  |d 1866-1928. 
650 0 |a Authors, American  |y 20th century  |v Biography. 
700 1 |a Jones, Victor H. 
830 0 |a National university publications.  |p Literary criticism series. 
830 0 |a Literary criticism series. 
999 |a MARS 
999 f f |s c33deed7-d21c-38b7-916e-933541bd306c  |i d18be51b-1f2a-3c7a-8063-d3c094f045a8  |t 0 
952 f f |p ric  |a Texas A&M University  |b Rellis Campus  |c Joint Library Facility  |d Remote Storage  |t 0  |e PS3525.A187 Z75  |h Library of Congress classification  |i unmediated -- volume  |m A14806191018 
998 f f |a PS3525.A187 Z75  |t 0  |l Remote Storage